Skip to main content
Your cart is empty.
Your lists
Log in to create your own lists
Your cookies
العربية
English
العربية
Home
Search
Advanced search
Authority search
About
The noble scholar, jurist, historian
His Excellency Dr. Abdul Wahhab bin Ibrahim Abu Sulaiman, may Allah have mercy on him.
He was born in Umm Al-Qura in the year 1356 AH.
Library catalog
Title
Author
Subject
ISBN
ISSN
Series
Call number
Log in to your account
×
Login:
Password:
Home
MARC view: النكير على منكري النعمة من الدين والخلافة والأمة /
Normal view
MARC view
ISBD view
النكير على منكري النعمة من الدين والخلافة والأمة / (Record no. 12328)
[
view plain
]
MARC details
000 -LEADER
fixed length control field
01467cam a2200337 i 4500
003 - CONTROL NUMBER IDENTIFIER
control field
SA-RiAUC
005 - DATE AND TIME OF LATEST TRANSACTION
control field
20251002070720.0
008 - FIXED-LENGTH DATA ELEMENTS--GENERAL INFORMATION
fixed length control field
250728s1991 le g 00000 ara c
040 ## - CATALOGING SOURCE
Original cataloging agency
SA-JeALM
Language of cataloging
ara
Transcribing agency
SA-RiAUC
Description conventions
rda
043 ## - GEOGRAPHIC AREA CODE
Geographic area code
a-tu---
050 #4 - LIBRARY OF CONGRESS CALL NUMBER
Item number
.S23 1991
082 04 - DEWEY DECIMAL CLASSIFICATION NUMBER
Classification number
257.1
Assigning agency
SA-RiAUC
090 ## - LOCALLY ASSIGNED LC-TYPE CALL NUMBER (OCLC); LOCAL CALL NUMBER (RLIN)
Classification number (OCLC) (R) ; Classification number, CALL (RLIN) (NR)
257.1
Local cutter number (OCLC) ; Book number/undivided call number, CALL (RLIN)
م ص ط
100 0# - MAIN ENTRY--PERSONAL NAME
Personal name
مصطفى صبري،
Dates associated with a name
1286-1373 هجري
Relator term
مؤلف.
245 12 - TITLE STATEMENT
Title
النكير على منكري النعمة من الدين والخلافة والأمة /
Statement of responsibility, etc.
تأليف مصطفى صبري ؛ تقديم محمد محمد حسين ؛ صححه وعلق عليه حسن السماحي سويدان.
250 ## - EDITION STATEMENT
Edition statement
الطبعة الأولى.
264 #1 - PRODUCTION, PUBLICATION, DISTRIBUTION, MANUFACTURE, AND COPYRIGHT NOTICE
Place of production, publication, distribution, manufacture
بيروت :
--
عمان - الاردن :
Name of producer, publisher, distributor, manufacturer
دار القادري،
--
دار البيارق.
Date of production, publication, distribution, manufacture, or copyright notice
1998
300 ## - PHYSICAL DESCRIPTION
Extent
159 صفحة ؛
Dimensions
24 سم
336 ## - CONTENT TYPE
Content type term
نص
Content type code
txt
Source
rdacontent
Materials specified
كتاب
337 ## - MEDIA TYPE
Media type term
بدون وسيط
Media type code
n
Source
rdamedia
338 ## - CARRIER TYPE
Carrier type term
مجلد
Carrier type code
nc
Source
rdacarrier
650 #7 - SUBJECT ADDED ENTRY--TOPICAL TERM
Topical term or geographic name entry element
الخلافة
Source of heading or term
aucsh
650 #7 - SUBJECT ADDED ENTRY--TOPICAL TERM
Topical term or geographic name entry element
الإسلام
General subdivision
جوانب سياسية
Source of heading or term
aucsh
650 #7 - SUBJECT ADDED ENTRY--TOPICAL TERM
Topical term or geographic name entry element
المسألة الشرقية
Source of heading or term
aucsh
651 #7 - SUBJECT ADDED ENTRY--GEOGRAPHIC NAME
Geographic name
تركيا
General subdivision
تاريخ
Chronological subdivision
الثورة، 1918-1923
Source of heading or term
aucsh
651 #7 - SUBJECT ADDED ENTRY--GEOGRAPHIC NAME
Geographic name
تركيا
General subdivision
تاريخ
Chronological subdivision
قرن 20.
Source of heading or term
aucsh
700 1# - ADDED ENTRY--PERSONAL NAME
Personal name
حسين، محمد محمد،
Dates associated with a name
1912-1982
Relator term
مقدم.
700 1# - ADDED ENTRY--PERSONAL NAME
Personal name
سويدان، حسن السماحي
Relator term
مصحح.
942 ## - ADDED ENTRY ELEMENTS (KOHA)
Source of classification or shelving scheme
Dewey Decimal Classification
Koha item type
Books
Suppress in OPAC
No
949 ## - LOCAL PROCESSING INFORMATION (OCLC)
a
SA-JeALM
d
250728
u
osman123
n
1
Holdings
Withdrawn status
Lost status
Source of classification or shelving scheme
Damaged status
Not for loan
Home library
Current library
Date acquired
Total checkouts
Full call number
Barcode
Date last seen
Price effective from
Koha item type
Dewey Decimal Classification
DR AbdElwahab Library
DR AbdElwahab Library
10/02/2025
257.1 م ص ط
000019836
10/02/2025
10/02/2025
Books
Place hold
Print
Add to your cart
(remove)
Save record
BIBTEX
Dublin Core
MARCXML
MARC (non-Unicode/MARC-8)
MARC (Unicode/UTF-8)
MARC (Unicode/UTF-8, Standard)
MODS (XML)
RIS
ISBD
More searches
Search for this title in:
Other Libraries (WorldCat)
Other Databases (Google Scholar)
Online Stores (Bookfinder.com)
Open Library (openlibrary.org)
Exporting to Dublin Core...
×
Simple DC-RDF
OAI-DC
SRW-DC